01003cam a22002775a 4500001001000000003000400010005001700014008004100031020003000072020002700102040003600129082002100165245005500186250002500241260004200266300005200308500002300360504005100383650002900434651001000463653003700473700002000510942002100530999001700551952015700568016888882OSt20151213193712.0141010t2015 enka frbd 001 0 eng d a9781292059341 (paperback) a1292059346 (paperback) aUkbengcUkdEG-ScBUEdEG-ScBUE04a657.046bADV22200aAdvanced Accounting /cFloyd A. Beams ... [et al.] a12th ed., Global ed. aHarlow :bPearson Education,cc.2015. a1 v. (various pagings) :bill. (col.) ;c28 cm. aIncludes glossary. aIncludes bibliographical references and index. 7aAccounting.2BUEsh99036 2BUEsh bBUSADMcAugust2015cDecember20151 aBeams, Floyd A. 2ddck657.046 ADV c20696d20668 00102ddc40708BaccahaMAINbMAINc1STd2015-08-24ePurchaseg394.00h21758l1m2o657.046 ADVp000039739r2025-07-15 00:00:00s2016-01-06v492.50yBB